| 000 | 00697nam a2200253 a 4500 | ||
|---|---|---|---|
| 008 | |||
| 020 | _a0262081296 (cased) | ||
| 049 | _aMAIN | ||
| 090 | _aHG229 | ||
| 100 | 1 | _aHahn, Frank. | |
| 245 | 1 | 0 |
_aMoney and inflation / _cFrank Hahn. |
| 260 |
_aCambridge, Mass. : _bMIT Press, _c1983. |
||
| 300 |
_axii, 116 p. ; _c22 cm. |
||
| 504 | _aIncludes bibliographical references. | ||
| 500 | _aIncludes index. | ||
| 650 | 0 | _aMoney. | |
| 650 | 0 | _aInflation (Finance). | |
| 650 | 0 | _aChicago school of economics. | |
| 907 |
_a.b10060121 _b20-07-04 _c17-04-03 |
||
| 003 | |||
| 005 | 20230123133236.0 | ||
| 040 | _cNUST | ||
| 942 |
_cBOOKS _kHG229 |
||
| 999 |
_c145190 _d145190 |
||